Český a slovenský spotrebiteľ: komparatívny výskum

Enregistré dans:
Détails bibliographiques
Auteur principal: Spišiaková, Mária
Autres auteurs: Štetka, Peter, 1986-
Format: Chapitre de livre
Langue:slovaque
Tags: Ajouter un tag
Pas de tags, Soyez le premier à ajouter un tag!

MARC

LEADER 00000naa$a2200000$$$4500
001 0210265
005 20240522130929.5
041 0 |a slo 
044 |a SK 
245 1 0 |a Český a slovenský spotrebiteľ: komparatívny výskum  |c Mária Spišiaková, Peter Štetka 
100 1 |a Spišiaková, Mária 
700 1 |a Štetka, Peter, 1986-